000
00262nam a2200097Ia 4500
008
240331s9999 xx 000 0 und d
082
_a
303.4
_b
EPS
100
_a
Epstein S
245
0
_a
Village voices :
_b
forty yars or rural transformation in South India
942
_c
L
999
_c
1235
_d
1235